Botanica`s gardening encyclopaedia (Record no. 13161)
[ view plain ]
| 000 -LEADER | |
|---|---|
| fixed length control field | 00395cam a2200169ua 4500 |
| 041 ## - LANGUAGE CODE | |
| Language code of text/sound track or separate title | eng |
| 082 ## - DEWEY DECIMAL CLASSIFICATION NUMBER | |
| Classification number | 635.903 |
| Item number | PAG/BO |
| 100 ## - MAIN ENTRY--AUTHOR NAME | |
| Personal name | Mills Hicks, James . |
| 245 00 - TITLE STATEMENT | |
| Title | Botanica`s gardening encyclopaedia |
| 260 ## - PUBLICATION, DISTRIBUTION, ETC. (IMPRINT) | |
| Place of publication | San Diego : |
| Name of publisher | Laurel Glen , |
| Year of publication | 2001. |
| 300 ## - PHYSICAL DESCRIPTION | |
| Number of Pages | 1000 ; . |
| 942 ## - ADDED ENTRY ELEMENTS (KOHA) | |
| Koha item type | Books |
| Withdrawn status | Lost status | Damaged status | Home library | Current library | Date acquired | Full call number | Accession Number | Koha item type |
|---|---|---|---|---|---|---|---|---|
| KAUAET | KAUAET | 07/04/2012 | 635.903 | 21397 | Reference |
